000 00533nmm a2200169Ia 4500
008 251105s9999||||xx |||||||||||||||||und||
020 _a8479087218
041 _aspa
100 _aJorge Sierra, E.
245 0 _aLa investigación social y el dato complejo. Una primera aproximación
264 _a[Madrid, España] :
_bPublicaciones de la Universidad de Alicante,
_c2003
300 _a248 páginas
490 _aCiencias Sociales
650 _aSociology
856 _uhttps://public.digitaliapublishing.com/a/713
942 _cCF
999 _c73598
_d73598